Sealand Country Quiz - Statistics

General Stats
  • This quiz has been taken 14 times
    13 since last reset
  • The average score is 4 of 9
Answer Stats
Hint Answer % Correct
Population (exact) 27
73%
Founded (year) 1967
55%
President (name) Michael Bates
55%
Year, when Coup D'état happened 1978
45%
Capital (tower) HM Fort Roughs
45%
Year, when Prince Roy proclaimed the Constitution of Sealand 1975
36%
Year, when UK extended territorial waters 1987
27%
Team (football) Sealand national football team
27%
Area (m²) 4,000
18%
No matching quizzes found
Score Distribution
Percent of People with Each Score
Percentile by Number Answered
Your Score History
You have not taken this quiz since the last reset